| 000 | 00694cam a2200229 a 4500 | ||
|---|---|---|---|
| 008 | |||
| 049 | 0 | _aMAIN | |
| 050 | 0 | 0 | _aT57.32 BOT |
| 100 | _aBotha, Magda. | ||
| 245 | 0 | 0 |
_aSome general measures of repairable stochastic systems / _cMagda Botha. |
| 260 |
_aPretoria : _bUniversity of South Africa, _c2000. |
||
| 300 |
_axii, 189 p. : _bill. ; _c25 cm. |
||
| 502 | _aThesis (PhD) - UNISA, Pretoria, 2000. | ||
| 504 | _aIncludes bibliographical references. | ||
| 650 | 0 | _aStochastic systems. | |
| 650 | 0 | _aControl theory. | |
| 907 |
_a.b10234925 _b23-02-07 _c23-02-07 |
||
| 003 | |||
| 005 | 20230123134411.0 | ||
| 040 | _cNUST | ||
| 942 | _cBOOKS | ||
| 999 |
_c165256 _d165256 |
||